| 000 | 00793cab a2200229 4500 | ||
|---|---|---|---|
| 001 | WB3508-35 | ||
| 008 | 090401t1999 xxu||||| |||| 00| 0 eng d | ||
| 035 | _a(Sirsi) u91608 | ||
| 041 | _aeng | ||
| 245 | _aEU labour law plan | ||
| 260 | _c1999 | ||
| 350 | _a0 | ||
| 490 |
_aContract Journal _v397(6214) 24 February 1999, 2(1) |
||
| 520 | _aConsiders an EU proposal on workers rights. All firms with over 20 employees would have to set up a procedure for consulting and informing their workers on any work related issues, including proposed changes, or the changes would be illegal. | ||
| 650 | _aDIRECTIVES | ||
| 650 | _aEMPLOYEE CONSULTATIONS | ||
| 650 | _aEMPLOYEE RIGHTS | ||
| 650 | _aEU | ||
| 690 | _aOFFICE SERVICES AND ADMINISTRATION | ||
| 942 | _n0 | ||
| 948 | _c25/02/1999 | ||
| 999 |
_c58170 _d58170 |
||